000 01185nam a22002897a 4500
005 20240530110409.0
008 150210s2010 ua bcfoa 001 0 ara d
017 _a18775/2006
_bمصر . دار الكتب المصرية
020 _a9771436368
040 _aEG-CaGPL
041 0 _aara
082 0 4 _221
_a380.1
_bط/م ن
100 1 _aمارلو ، سوزان
_qسوزان مارلو
245 1 2 _aالتوابل :
_bالتجارة عبر العصور والحضارات /
_cتاليف سوزان مارلو ؛ ترجمة سامية ابوزيد ؛ اشراف داليا محمد ابراهيم
_nج1
250 _aط2
260 _aالقاهرة :
_bنهضة مصر للطباعة والنشر والتوزيع ،
_c2010
300 _a32 ص :
_bايض ؛
_c28 سم
490 0 _aناشيونال جيوجرافيك
650 0 4 _aالتجارة
650 0 4 _aالطرق التجارية
650 0 4 _aالباعة وفن البيع
650 0 4 _aالتوابل
_xصناعة وتجارة
700 0 _aسامية ابوزيد
_eمترجم
700 0 _aداليا محمد ابراهيم
_eمشرف
942 _2ddc
_cBK
999 _c60419
_d60419